000 00287nam a22001337a 4500
008 170725b xxu||||| |||| 00| 0 eng d
020 _a9780201737349
041 _aeng
080 _a004
100 _a29
101 _aSHK
245 _aLIGHT ON THE WEB
_cLEHNERT,W.G
942 _2udc
_cBK
999 _c21877
_d21877